Statistics for X-Men Universe A-Z

Click here to take the quiz!

General Stats

  • This quiz has been taken 197 times
  • The average score is 10 of 26

Answer Stats

LetterHintAnswer% Correct
QSuperspeedQuicksilver
89%
HCyclops' brotherHavok
87%
IOriginal memberIceman
79%
GCajun thiefGambit
75%
CTime-travelerCable
73%
BSonicBanshee
72%
PMetal manipulationPolaris
59%
JRuby of CytorrakJuggernaut
53%
XNathan GreyX-man
51%
OXavier/Magneto hybridOnslaught
47%
MTV Show ProducerMojo
41%
DGenetically EngineeredDeadpool
38%
NFuture sentinelNimrod
32%
KSavage LandsKa-Zar
31%
LMorlocksLeech
29%
EGold skinElixir
25%
VAKA GuardianVindicator
22%
UUntouchableUnus
20%
WWild creatureWolfsbane
16%
AComputer geniusArcade
15%
SExpert assassinShatterstar
5%
FGreen hairFitzroy
4%
TMini clonesTusk
4%
RProtoplasmic mutantRandom
3%
ZGenoshan engineerZealot
2%
YAlpha FlightYukon Jack
1%

Score Distribution

Percentile by Number Answered

Percent of People with Each Score

Your Score History

You have not taken this quiz